Tribhuvan University Central Library

Mathematics essential for elementary statistics: a self-teaching manual (Record no. 58766)

MARC details
000 -LEADER
fixed length control field 00473 a2200157 4500
082 ## - DEWEY DECIMAL CLASSIFICATION NUMBER
Classification number 510
Item number W151m
100 ## - MAIN ENTRY--PERSONAL NAME
Personal name Walker, Helen Mary, 1891-
9 (RLIN) 18943
245 ## - TITLE STATEMENT
Title Mathematics essential for elementary statistics: a self-teaching manual
260 ## - PUBLICATION, DISTRIBUTION, ETC.
Place of publication, distribution, etc. New York
Name of publisher, distributor, etc. Henry Holt
Date of publication, distribution, etc. 1934
300 ## - PHYSICAL DESCRIPTION
Extent xiii,246p. illus.
650 ## - SUBJECT ADDED ENTRY--TOPICAL TERM
Topical term or geographic name entry element Mathematical statistics
650 ## - SUBJECT ADDED ENTRY--TOPICAL TERM
Topical term or geographic name entry element Statistical mathematics
9 (RLIN) 5328
650 ## - SUBJECT ADDED ENTRY--TOPICAL TERM
Topical term or geographic name entry element Teaching guides
9 (RLIN) 6164
653 ## - INDEX TERM--UNCONTROLLED
Uncontrolled term Mathematics
942 ## - ADDED ENTRY ELEMENTS (KOHA)
Source of classification or shelving scheme Dewey Decimal Classification
Koha item type General Collections
Holdings
Withdrawn status Lost status Source of classification or shelving scheme Damaged status Not for loan Home library Current library Date acquired Total Checkouts Full call number Barcode Date last seen Price effective from Koha item type
    Dewey Decimal Classification     Tribhuvan University Central Library Tribhuvan University Central Library 02/19/2011   510 W151m G14599 02/19/2011 02/19/2011 General Collections